000 00504nam a2200145Ia 4500
008 140724s9999 xx 000 0 und d
050 _aP 87
_b.L869 2011
100 _aLorenzo, Eunice Christina A.
245 2 _aA 2-D documentary on the jejemon phenomenon in parañaque city /
_cEunice Christina A. Lorenzo.
260 _aLas Piñas, Philippines :
_bSouthville International School and Colleges,
_cc2011.
300 _a52 p. :
_bill. ;
_c28 cm.
521 _aMedia Arts
942 _cTH
999 _c228746
_d228746